Jin rong shi chang yu jin rong ti zhi gai ge = (Record no. 1662)

MARC details
000 -LEADER
fixed length control field 02030cam a22004935i 4500
001 - CONTROL NUMBER
control field data
005 - DATE AND TIME OF LATEST TRANSACTION
control field 20260322212111.0
008 - FIXED-LENGTH DATA ELEMENTS--GENERAL INFORMATION
fixed length control field data
035 ## - SYSTEM CONTROL NUMBER
System control number 19759384
010 ## - LIBRARY OF CONGRESS CONTROL NUMBER
LC control number 2017414378
020 ## - INTERNATIONAL STANDARD BOOK NUMBER
International Standard Book Number 9787511728340
020 ## - INTERNATIONAL STANDARD BOOK NUMBER
International Standard Book Number 7511728340
035 ## - SYSTEM CONTROL NUMBER
System control number (OCoLC)956684410
040 ## - CATALOGING SOURCE
Original cataloging agency HUA
Language of cataloging eng
Description conventions rda
Transcribing agency HUA
Modifying agency DLC
-- DLC
041 1# - LANGUAGE CODE
Language code of text/sound track or separate title chi
Language code of original jpn
-- jpn
042 ## - AUTHENTICATION CODE
Authentication code lccopycat
050 00 - LIBRARY OF CONGRESS CALL NUMBER
Classification number HG173.6.C6
Item number J538 2015
066 ## - CHARACTER SETS PRESENT
Alternate G0 or G1 character set $1
245 00 - TITLE STATEMENT
Linkage 880-01
Title Jin rong shi chang yu jin rong ti zhi gai ge =
Remainder of title Finance market and financial system reform /
Statement of responsibility, etc. Ding Kaijie zhu bian.
246 31 - VARYING FORM OF TITLE
Title proper/short title Finance market and financial system reform
250 ## - EDITION STATEMENT
Linkage 880-02
Edition statement Di 1 ban.
264 #1 - PRODUCTION, PUBLICATION, DISTRIBUTION, MANUFACTURE, AND COPYRIGHT NOTICE
Linkage 880-03
Place of production, publication, distribution, manufacture Beijing :
Name of producer, publisher, distributor, manufacturer Zhongguo bian yi chu ban she,
Date of production, publication, distribution, manufacture, or copyright notice 2015.
300 ## - PHYSICAL DESCRIPTION
Extent 3, 18, 6, 379 pages :
Other physical details illustrations ;
Dimensions 24 cm.
336 ## - CONTENT TYPE
Content type term text
Source rdacontent
337 ## - MEDIA TYPE
Media type term unmediated
Source rdamedia
338 ## - CARRIER TYPE
Carrier type term volume
Source rdacarrier
490 1# - SERIES STATEMENT
Linkage 880-04
Series statement "Jing ji she hui ti zhi bi jiao" chuang kan 30 zhou nian ji nian cong shu
500 ## - GENERAL NOTE
General note Some articles translated from English or Japanese.
504 ## - BIBLIOGRAPHY, ETC. NOTE
Bibliography, etc. note Includes bibliographical references.
650 #0 - SUBJECT ADDED ENTRY--TOPICAL TERM
Topical term or geographic name entry element Finance.
650 #7 - SUBJECT ADDED ENTRY--TOPICAL TERM
Topical term or geographic name entry element Finance.
Source of heading or term fast
Authority record control number or standard number (OCoLC)fst00924349
700 1# - ADDED ENTRY--PERSONAL NAME
Linkage 880-05
Personal name Ding, Kaijie,
Relator term editor.
880 00 - ALTERNATE GRAPHIC REPRESENTATION
Linkage 245-01/$1
a $1!]>!W&!<D'8J'T2!]>!W&'aZ'Wl!B>!_z(B =
b Finance market and financial system reform /
c $1!0"'^S'2A!09'Q[(B.
880 ## - ALTERNATE GRAPHIC REPRESENTATION
Linkage 250-02/$1
a $1!Os(B1$1!JH(B.
880 #1 - ALTERNATE GRAPHIC REPRESENTATION
Linkage 264-03/$1
a $1!4I!0a(B :
b $1!04K7o'Q['YF!3K!JH!Na(B,
c 2015.
880 1# - ALTERNATE GRAPHIC REPRESENTATION
Linkage 490-04/$1
a $1i!T'Q<'I&!Na'CZ'aZ'Wl!FF'[=i!U'3x!3U(B30$1!5t!<e'Pp!>''5+'CU(B
880 1# - ALTERNATE GRAPHIC REPRESENTATION
Linkage 700-05/$1
a $1!0"'^S'2A(B,
e editor.
830 #0 - SERIES ADDED ENTRY--UNIFORM TITLE
Linkage 880-06
Uniform title "Jing ji she hui ti zhi bi jiao" chuang kan 30 zhou nian ji nian cong shu.
880 #0 - ALTERNATE GRAPHIC REPRESENTATION
Linkage 830-06/$1
a $1i!T'Q<'I&!Na'CZ'aZ'Wl!FF'[=i!U'3x!3U(B30$1!5t!<e'Pp!>''5+'CU(B.
906 ## - LOCAL DATA ELEMENT F, LDF (RLIN)
a 7
b cbc
c copycat
d 3
e ncip
f 20
g y-nonroman
925 0# -
-- acquire
-- 1 shelf copy
-- policy default
923 ## -
-- BZT
Holdings
Withdrawn status Lost status Damaged status Not for loan Home library Current library Shelving location Date acquired Total checkouts Full call number Barcode Date last seen Price effective from Koha item type
        Springfield Springfield General stacks 22/03/2026   HG173.6.C6 LOC-SPL-00005 22/03/2026 22/03/2026 Books